[Event "AUT-ch"]
[Site "Voitsberg"]
[Date "1995.??.??"]
[Round "7"]
[White "Eisterer, Heinrich"]
[Black "Weinzettl, Ernst"]
[Result "1/2-1/2"]
[WhiteElo "2360"]
[BlackElo "2380"]
[PlyCount "133"]
[EventDate "1995.??.??"]
[EventType "tourn"]
[EventRounds "15"]
[EventCountry "AUT"]
[EventCategory "5"]
[SourceTitle "CBM 049 Extra"]
[Source "ChessBase"]
[SourceDate "1996.01.01"]
[SourceVersion "1"]
[SourceVersionDate "1996.01.01"]
[SourceQuality "1"]

1. Nf3 Nf6 2. g3 g6 3. b3 Bg7 4. Bb2 0-0 5. Bg2 d6 6. d4 c6 7. Nbd2 a5 8. a4 Bf5 9. 0-0 Na6 10. Nh4 Bg4 11. h3 Be6 12. e4 Qc8 13. g4 d5 14. e5 Nxg4 15. hxg4 Bxg4 16. Bf3 Bh3 17. Re1 f6 18. Nf1 fxe5 19. dxe5 g5 20. Ng2 g4 21. Be2 Qf5 22. Bd4 Qe4 23. Nh4 Bxe5 24. Bxe5 Qxe5 25. Bxa6 Qf6 26. Qe2 Rxa6 27. Qe6+ Qxe6 28. Rxe6 g3 29. Re2 gxf2+ 30. Rxf2 e5 31. Rxf8+ Kxf8 32. Kh2 Be6 33. Nf3 e4 34. Ng5 Bg8 35. Ne3 c5 36. Rf1+ Ke8 37. Rf5 h6 38. Nh3 d4 39. Ng4 d3 40. cxd3 exd3 41. Nf6+ Kf7 42. Nxg8+ Kxg8 43. Rxc5 Rb6 44. Rc3 d2 45. Rd3 Rxb3 46. Rxd2 Kf7 47. Kg2 Rb4 48. Ra2 Ke6 49. Nf2 Kd5 50. Kf3 Kc4 51. Ke3 Kb3 52. Ra1 Rxa4 53. Rb1+ Kc2 54. Rxb7 Rb4 55. Rc7+ Kb3 56. Ne4 a4 57. Nd2+ Ka2 58. Kd3 a3 59. Kc3 Rb2 60. Ra7 h5 61. Ra5 h4 62. Rh5 h3 63. Rxh3 Rxd2 64. Kxd2 Kb2 65. Rh8 a2 66. Rb8+ Ka1 67. Kc2 1/2-1/2

[Event "AUT-chT2O 9495"]
[Site "Austria"]
[Date "1995.??.??"]
[Round "?"]
[White "Eisterer, Heinrich"]
[Black "Wohlmann, Erich"]
[Result "1-0"]
[WhiteElo "2360"]
[BlackElo "2205"]
[PlyCount "133"]
[EventDate "1994.??.??"]
[EventType "team"]
[EventRounds "11"]
[EventCountry "AUT"]
[SourceTitle "EXT 1999"]
[Source "ChessBase"]
[SourceDate "1998.11.16"]
[SourceVersion "1"]
[SourceVersionDate "1998.11.16"]
[SourceQuality "1"]

1. Nf3 c5 2. g3 Nc6 3. Bg2 g6 4. 0-0 Bg7 5. c3 Nf6 6. d3 d5 7. Nbd2 e5 8. e4 d4 9. Nc4 Qe7 10. cxd4 cxd4 11. b4 b5 12. Na5 Nxa5 13. bxa5 Nd7 14. Bd2 0-0 15. Rb1 Re8 16. Bb4 Qd8 17. Rc1 Nb8 18. Qd2 Bd7 19. Ng5 f6 20. Nh3 Nc6 21. f4 Nxb4 22. Qxb4 Rc8 23. fxe5 Rxc1 24. Rxc1 fxe5 25. Qd2 Bf6 26. Rc2 a6 27. Qe1 Be7 28. Nf2 Bg5 29. Bh3 Be3 30. Bxd7 Qxd7 31. Kg2 Rc8 32. Rxc8+ Qxc8 33. Qd1 Qc3 34. Ng4 Qd2+ 35. Qxd2 Bxd2 36. Nxe5 Bxa5 37. Kf1 Bc7 38. Nf3 Bb6 39. Ke2 Kg7 40. g4 Kf6 41. Kd1 h6 42. Kc2 g5 43. Kb3 Bc5 44. a4 Ke6 45. axb5 axb5 46. Kc2 Kf6 47. h3 Ke6 48. Ng1 Ke5 49. Ne2 Bf8 50. Ng3 Kf4 51. Nf5 Bc5 52. Nxh6 Kg3 53. e5 Kxh3 54. e6 Kg3 55. Nf5+ Kxg4 56. e7 Bxe7 57. Nxe7 Kf4 58. Kd2 Ke5 59. Nc6+ Kd5 60. Nb4+ Kc5 61. Na2 g4 62. Ke1 b4 63. Nc1 b3 64. Nxb3+ Kb4 65. Nd2 g3 66. Ne4 g2 67. Kf2 1-0

[Event "AUT-chT2O 9596"]
[Site "Austria"]
[Date "1995.??.??"]
[Round "6"]
[White "Ribli, Zoltan"]
[Black "Eisterer, Heinrich"]
[Result "1/2-1/2"]
[WhiteElo "2590"]
[BlackElo "2340"]
[PlyCount "65"]
[EventDate "1995.??.??"]
[EventType "team"]
[EventRounds "11"]
[EventCountry "AUT"]
[SourceTitle "EXT 1999"]
[Source "ChessBase"]
[SourceDate "1998.11.16"]
[SourceVersion "1"]
[SourceVersionDate "1998.11.16"]
[SourceQuality "1"]

1. Nf3 Nf6 2. c4 e6 3. g3 b6 4. Bg2 Bb7 5. Nc3 Bb4 6. d3 0-0 7. e4 d5 8. e5 Nfd7 9. cxd5 Bxd5 10. 0-0 Bb7 11. Bf4 Re8 12. d4 Nf8 13. Qc2 Nc6 14. Rfd1 Ne7 15. Rac1 Qd7 16. h4 Rac8 17. h5 Nd5 18. Bd2 Nxc3 19. bxc3 Ba3 20. Rb1 h6 21. c4 Be7 22. Be3 Bc6 23. Rd2 Ba4 24. Qe4 b5 25. d5 bxc4 26. dxe6 Qxe6 27. Nd4 Qa6 28. Nf5 c3 29. Rd4 Bd7 30. Rc1 Bxf5 31. Qxf5 Bc5 32. e6 Nxe6 33. Rd7 1/2-1/2